000 00500 a2200193 4500
005 20260417114508.0
008 260416b |||||||| |||| 00| 0 eng d
020 _a9789395401449
_cRs. 1450.00
040 _aMAIN
082 _a070.1024301
_bB148M
100 _aBahadur, Rajesh
245 _aMass media and social change
260 _bRajat Publications
_c2024
_aNew Delhi
300 _axii, 248
650 _aJournalism
650 _aSocial Interaction
650 _aMass Media
942 _cBK
999 _c397262
_d397262